<?xml version="1.0" encoding="UTF-8"?><?xml-stylesheet type="text/xsl" href="static/style.xsl"?><OAI-PMH xmlns="http://www.openarchives.org/OAI/2.0/" xmlns:xsi="http://www.w3.org/2001/XMLSchema-instance" xsi:schemaLocation="http://www.openarchives.org/OAI/2.0/ http://www.openarchives.org/OAI/2.0/OAI-PMH.xsd"><responseDate>2026-04-18T04:06:02Z</responseDate><request verb="GetRecord" identifier="oai:www.recercat.cat:2117/341559" metadataPrefix="marc">https://recercat.cat/oai/request</request><GetRecord><record><header><identifier>oai:recercat.cat:2117/341559</identifier><datestamp>2025-07-23T06:30:15Z</datestamp><setSpec>com_2072_1033</setSpec><setSpec>col_2072_452951</setSpec></header><metadata><record xmlns="http://www.loc.gov/MARC21/slim" xmlns:dcterms="http://purl.org/dc/terms/" xmlns:xsi="http://www.w3.org/2001/XMLSchema-instance" xmlns:doc="http://www.lyncode.com/xoai" xsi:schemaLocation="http://www.loc.gov/MARC21/slim http://www.loc.gov/standards/marcxml/schema/MARC21slim.xsd">
   <leader>00925njm 22002777a 4500</leader>
   <datafield ind2=" " ind1=" " tag="042">
      <subfield code="a">dc</subfield>
   </datafield>
   <datafield ind2=" " ind1=" " tag="720">
      <subfield code="a">Lozano Delgado, Aina</subfield>
      <subfield code="e">author</subfield>
   </datafield>
   <datafield ind2=" " ind1=" " tag="260">
      <subfield code="c">2020-10-21</subfield>
   </datafield>
   <datafield ind2=" " ind1=" " tag="520">
      <subfield code="a">La ciudad es una realidad contradictoria que conlleva aspectos sociales, económicos, tecnológicos y culturales, un espacio de densidad y diversidad. Pero esta pluralidad no es sinónimo de riqueza cultural, sino que en muchos casos conlleva discriminación y desigualdad, generando segregación entre los ciudadanos. Lo que conlleva a que la desigualdad de la ciudad se materialice en la existencia de barrios vulnerables. &#xd;
El espacio público es generador de intercambio, espacios de encuentro en un contexto de diversidad cultural, de uso colectivo y multifuncional. Pero en la realidad se identifica el espacio urbano como generador de desigualdades, excluyendo actividades no rentables o sectores socialmente incómodos, en algún caso originado por la intencionada intervención en el espacio público para su mejora, lo que corre el peligro de generar la desarticulación de espacios existentes o el beneficio de algunas minorías.&#xd;
Para ilustrar esta realidad nos acercamos a la ciudad de Barcelona, mediante el análisis de dos barrios vulnerables, uno periférico, el barrio de la Mina, y otro céntrico, el barrio del Raval. En ellas abordamos las razones históricas, sociales y urbanísticas que han condenado a estas zonas de la ciudad, y los problemas que, en ocasiones, han generado las actuaciones urbanísticas sobre el espacio público.&#xd;
La ciudad en si misma contiene su problemática y su solución, que deberá ir reforzada de aquellas tendencias que permitan marcar un camino de conquista de la ciudad viva, con capacidad para comunicar, idear e inventar. La ciudad conserva su promesa de libertad y justicia, así pues, aún queda un espacio para la esperanza.</subfield>
   </datafield>
   <datafield ind2=" " ind1=" " tag="520">
      <subfield code="a">The city is a contradictory reality that involves social, economic, technological and cultural facets, a space for density and diversity. Unfortunately, this plurality is not always synonymous of cultural wealth, in many cases it entails discrimination and inequality, generating segregation among its citizens. Which leads to city’s inequality materializing in the existence of vulnerable neighborhoods.&#xd;
Public space is a generator of exchange, the place for merging in a context of cultural diversity, it must be collective and of multifunctional use. But in reality, the urban space is identifies as a generator of inequality, excluding unprofitable activities or socially uncomfortable sector of the population, in some cases caused by the intentional intervention in the public space meaning to improve it, which runs the risk of disassembling existing spots for benefit of a minority.&#xd;
To illustrate this reality, we approach the city of Barcelona by analyzing two vulnerable neighborhoods, peripheral one, Mina, and a centric one, Raval. By them, we tackle the historical, social and urban reasons that hace condemned this areas, and the problems that urban planning actions on public space have sometimes generated.&#xd;
The city itself contains its problem and its solution, which must be reinforced by those tendencies that make it possible to lead a path to conquest the living city, with the capacity to communicate, devise and invent. The city still retains its promise of freedom and justice, thus, there’s still room for hope.</subfield>
   </datafield>
   <datafield tag="653" ind2=" " ind1=" ">
      <subfield code="a">Àrees temàtiques de la UPC::Urbanisme::Aspectes socials</subfield>
   </datafield>
   <datafield tag="653" ind2=" " ind1=" ">
      <subfield code="a">City planning -- Social aspects -- Spain -- Barcelona</subfield>
   </datafield>
   <datafield tag="653" ind2=" " ind1=" ">
      <subfield code="a">Public spaces -- Social aspects -- Spain -- Barcelona</subfield>
   </datafield>
   <datafield tag="653" ind2=" " ind1=" ">
      <subfield code="a">Mina (San Adrián de Besós, Spain)</subfield>
   </datafield>
   <datafield tag="653" ind2=" " ind1=" ">
      <subfield code="a">Raval (Barcelona, Spain)</subfield>
   </datafield>
   <datafield tag="653" ind2=" " ind1=" ">
      <subfield code="a">ciudad</subfield>
   </datafield>
   <datafield tag="653" ind2=" " ind1=" ">
      <subfield code="a">barrio vulnerable</subfield>
   </datafield>
   <datafield tag="653" ind2=" " ind1=" ">
      <subfield code="a">ciudadania</subfield>
   </datafield>
   <datafield tag="653" ind2=" " ind1=" ">
      <subfield code="a">espacio público</subfield>
   </datafield>
   <datafield tag="653" ind2=" " ind1=" ">
      <subfield code="a">urbanizar</subfield>
   </datafield>
   <datafield tag="653" ind2=" " ind1=" ">
      <subfield code="a">mina</subfield>
   </datafield>
   <datafield tag="653" ind2=" " ind1=" ">
      <subfield code="a">raval</subfield>
   </datafield>
   <datafield tag="653" ind2=" " ind1=" ">
      <subfield code="a">Urbanisme -- Aspectes socials -- Catalunya -- Barcelona</subfield>
   </datafield>
   <datafield tag="653" ind2=" " ind1=" ">
      <subfield code="a">Espais públics -- Aspectes socials -- Catalunya -- Barcelona</subfield>
   </datafield>
   <datafield tag="653" ind2=" " ind1=" ">
      <subfield code="a">Mina (Sant Adrià de Besòs, Catalunya)</subfield>
   </datafield>
   <datafield tag="653" ind2=" " ind1=" ">
      <subfield code="a">Raval (Barcelona, Catalunya)</subfield>
   </datafield>
   <datafield ind2="0" ind1="0" tag="245">
      <subfield code="a">Vivir al margen: reflexiones sobre la desigualdad urbana</subfield>
   </datafield>
</record></metadata></record></GetRecord></OAI-PMH>